000 01240nam a22002415i 4500
001 157349
003 ES-MaACL
005 20250627063650.0
008 040915s1783 fr acf |||| | fre d
040 _aCAM
_bspa
_cCAM
100 1 _aLe Clerc, Nicolas-Gabriel,
_d1726-1798
_970856
245 1 0 _aHistoire physique, morale, civile et politique de la Russie ancienne /
_cpar M. Le Clerc... ; tome second.
260 _aA Paris :
_bchez Froullé, libraire... ;
_aA Versailles :
_bchez Blaizot, libraire...,
_c1783 (
_fDe l'imprimerie de Clousier)
300 _a[4], XXIV, 560, [4] p., [24] h. de grab., V h. de grab. ;
_c4º.
596 _aDato de impresor consta en colofón.
597 _aSign.: []\p2\s, a-c\p4\s, A-3Z\p4\s, 4A\p6\s.
597 _aAntep.
599 _aLas h. de grab. calc., retratos de personajes: "Dessiné par Chevalier, grabé par Malapeau", "Dessiné par Chevalier, gravé par Auvrai", "Dessiné par Chevalier, gravé par Niquet", "Dessiné par Chevalier, gravé par FessardL.\pné"\s [etc.]
599 _aLas V h. de grab. calc., monedas, todas dobles, excepto la última.
651 4 _aRusia-
_xHistoria.
_99330
852 _aES-MaACL
_jR-3444
_z-- Enc. pasta española
999 _c157349
_d157349